Geology and igneous petrology of the northern Elkhorn Mountains, Jefferson and Broadwater Counties, Montana, (Record no. 30246)

MARC details
000 -LEADER
fixed length control field 01279cam a22003251 4500
001 - CONTROL NUMBER
control field gs 66000259
003 - CONTROL NUMBER IDENTIFIER
control field DLC
005 - DATE AND TIME OF LATEST TRANSACTION
control field 20260227111419.0
008 - FIXED-LENGTH DATA ELEMENTS--GENERAL INFORMATION
fixed length control field 770928s1966 dcuab b f000 0 eng
010 ## - LIBRARY OF CONGRESS CONTROL NUMBER
LC control number gs 66000259
035 ## - SYSTEM CONTROL NUMBER
System control number (OCoLC)3304013
040 ## - CATALOGING SOURCE
Original cataloging agency DLC
Transcribing agency AzU
Modifying agency ISS
-- DLC
042 ## - AUTHENTICATION CODE
Authentication code premarc
050 00 - LIBRARY OF CONGRESS CALL NUMBER
Classification number QE75
Item number .P9 no. 510
086 0# - GOVERNMENT DOCUMENT CLASSIFICATION NUMBER
Classification number I 19.16:510
100 1# - MAIN ENTRY--PERSONAL NAME
Personal name Smedes, Harry Wynn,
Dates associated with a name 1926-
245 10 - TITLE STATEMENT
Title Geology and igneous petrology of the northern Elkhorn Mountains, Jefferson and Broadwater Counties, Montana,
Statement of responsibility, etc. by Harry W. Smedes.
260 ## - PUBLICATION, DISTRIBUTION, ETC.
Place of publication, distribution, etc. Washington,
Name of publisher, distributor, etc. U.S. Govt. Print. Off.,
Date of publication, distribution, etc. 1966.
300 ## - PHYSICAL DESCRIPTION
Extent v, 116 p.
Other physical details illus. (1 col.), maps (1 col.)
Dimensions 29 cm.
490 1# - SERIES STATEMENT
Series statement Geological Survey professional paper 510
500 ## - GENERAL NOTE
General note Part of illustrative matter in pocket.
500 ## - GENERAL NOTE
General note "Prepared partly on behalf of the U.S. Atomic Energy Commission."
504 ## - BIBLIOGRAPHY, ETC. NOTE
Bibliography, etc. note Bibliography: p. 113-116.
650 #0 - SUBJECT ADDED ENTRY--TOPICAL TERM
Topical term or geographic name entry element Geology
Geographic subdivision Montana
-- Elkhorn Mountains.
650 #0 - SUBJECT ADDED ENTRY--TOPICAL TERM
Topical term or geographic name entry element Petrology
Geographic subdivision Montana
-- Elkhorn Mountains.
650 #0 - SUBJECT ADDED ENTRY--TOPICAL TERM
Topical term or geographic name entry element Igneous rocks.
710 2# - ADDED ENTRY--CORPORATE NAME
Corporate name or jurisdiction name as entry element U.S. Atomic Energy Commission.
740 0# - ADDED ENTRY--UNCONTROLLED RELATED/ANALYTICAL TITLE
Uncontrolled related/analytical title Igneous petrology of the northern Elkhorn Mountains, Jefferson and Broadwater Counties, Montana.
810 2# - SERIES ADDED ENTRY--CORPORATE NAME
Corporate name or jurisdiction name as entry element Geological Survey (U.S.).
Title of a work Professional paper ;
Volume/sequential designation 510.

No items available.

Powered by Koha